00424nam a2200157Ia 4500003000400000005001700004008004100021040001800062041000800080082001500088100004800103110002700151245004200178260002000220710002600240OSt20260303103544.0211028s2003 xx 000 0 und d cAIMIT LIBRARY aeng a006.6 JOSJ aJoseph, Josna;D Souza, Anil Prakash.g92166 aD Souza, Anil Prakash. aGraphics support for orbit analysis / aBangalorec2003 aISRO Satellite Centre